Четыре песни на стихи Дж. Байрона (Запись № 11003777)

Подробности
000 -МАРКЕР
контрольное поле 04015ncm0a2200409 4500
001 - ИДЕНТИФИКАТОР ЗАПИСИ
контрольное поле RU\NLR\ONIZ\227863
005 - ИДЕНТИФИКАТОР ВЕРСИИ
контрольное поле 20260305151625.0
035 ## - ДРУГИЕ СИСТЕМНЫЕ НОМЕРА
Идентификатор записи (NLR Aleph) 012234783
100 ## - ДАННЫЕ ОБЩЕЙ ОБРАБОТКИ
Данные общей обработки 20200302d2019 u y0rusy50 ca
101 0# - ЯЗЫК РЕСУРСА
Язык текста, звукозаписи и т.д. русский
102 ## - СТРАНА ПУБЛИКАЦИИ ИЛИ ПРОИЗВОДСТВА
Страна публикации российская федерация
125 ## - ПОЛЕ КОДИРОВАННЫХ ДАННЫХ: ЗВУКОЗАПИСИ И НОТНЫЕ ИЗДАНИЯ
Форма изложения нотного текста ax
200 1# - ЗАГЛАВИЕ И СВЕДЕНИЯ ОБ ОТВЕТСТВЕННОСТИ
Основное заглавие Четыре песни на стихи Дж. Байрона
Общее обозначение материала Ноты
Сведения, относящиеся к заглавию вокальный цикл для голоса и фортепиано
Первые сведения об ответственности Г. Углов
210 ## - ПУБЛИКАЦИЯ, РАСПРОСТРАНЕНИЕ И ДР.
Место издания, распространения и т.д. Барнаул
Имя издателя, распространителя и т. д. Новый формат
Дата издания, распространения и т.д. 2019
Имя изготовителя ИП Колмогоров И. А.
Место изготовления Барнаул
215 ## - ФИЗИЧЕСКАЯ ХАРАКТЕРИСТИКА
Специфическое обозначение материала и объем 24 с.
Другие сведения о физической характеристике фото
Размеры 30 см
327 1# - ПРИМЕЧАНИЯ О СОДЕРЖАНИИ
Текст примечания 1. Она идёт во всей красе / перевод С. Маршака ;
-- 2. Грешник : "Как грешник, изгнанный из рая..." / перевод В. Левика ;
-- 3. Гробница : "Как одинокая гробница..." / перевод М. Лермонтова ;
-- 4. К времени : "О Время! Все несётся мимо..." / перевод Т. Гнедич
464 #0 - АНАЛИТИЧЕСКИЙ УРОВЕНЬ
Встроенное поле 2001#$aОна идёт во всей красе$fперевод С. Маршака
-- 215##$aС.4-6
-- 604##
-- 700#1$aБайрон$bД. Г.$gДжордж Гордон$f1788-1824$7ca
-- 50010$aЕврейские мелодии$xНоты$xМузыкальные интерпретации
-- 702#1$9z01790$aМаршак$bС. Я.$gСамуил Яковлевич$f1887-1964$4730
-- 790#1$9z01702$aMaršak$bS. J.$gSamuil Jakovlevič$f1887-1964$4730$7ba
464 #0 - АНАЛИТИЧЕСКИЙ УРОВЕНЬ
Встроенное поле 2001#$aГрешник$e"Как грешник, изгнанный из рая..."$fперевод В. Левика
-- 215##$aС.7-11
-- 604##
-- 700#1$aБайрон$bД. Г.$gДжордж Гордон$f1788-1824$7ca
-- 50010$aДаме, которая спросила, почему я весной уезжаю из Англии$xНоты$xМузыкальные интерпретации
-- 702#1$9z01790$aЛевик$bВ. В.$f1907-1982$gВильгельм Вениаминович$3RU\NLR\AUTH\770290677$4730$7ca
-- 790#1$9z01702$aLevik$bV. V.$gVil`gelm Veniaminovič$f1907-1982$4730$7ba
464 #0 - АНАЛИТИЧЕСКИЙ УРОВЕНЬ
Встроенное поле 2001#$aГробница$e"Как одинокая гробница..."$fперевод М. Лермонтова
-- 215##$aС.12-14
-- 604##
-- 700#1$aБайрон$bД. Г.$gДжордж Гордон$f1788-1824$7ca
-- 50010$aВ альбом$xНоты$xМузыкальные интерпретации
-- 702#1$9z01790$aЛермонтов$bМ. Ю.$gМихаил Юрьевич$f1814-1841$4730$7ca
-- 790#1$9z01702$aLermontov$bM. J.$gMichail Jur'evič$cwriter$f1814-1841$4730$7ba
464 #0 - АНАЛИТИЧЕСКИЙ УРОВЕНЬ
Встроенное поле 2001#$aК времени$e"О Время! Все несётся мимо..."$fперевод Т. Гнедич
-- 215##$aС.15-20
-- 604##
-- 700#1$aБайрон$bД. Г.$gДжордж Гордон$f1788-1824$7ca
-- 50010$aК времени$xНоты$xМузыкальные интерпретации
-- 702#1$9z01790$aГнедич$bТ. Г.$gТатьяна Григорьевна$f1907-1976$4730$7ca
-- 790#1$9z01702$aGnedič$bT. G.$gTat`jana Grigor`evna$f1907-1976$4730$7ba
606 1# - НАИМЕНОВАНИЕ ТЕМЫ КАК ПРЕДМЕТ
Наименование темы Вокальные циклы для голоса и фортепиано
Географический подзаголовок Россия
Хронологический подзаголовок 20-21 вв.
Код системы nlr_sh
606 1# - НАИМЕНОВАНИЕ ТЕМЫ КАК ПРЕДМЕТ
Наименование темы Вокальная музыка российских композиторов
Формальный подзаголовок Ноты
Код системы nlr_sh
686 ## - ИНДЕКСЫ ДРУГИХ КЛАССИФИКАЦИЙ
Индекс Щ943.4-42-043.2(2Р=Р)
Издание LBC/SL
Код системы
700 #1 - ИМЯ ЛИЦА - ПЕРВИЧНАЯ ОТВЕТСТВЕННОСТЬ
Системный номер авторитетной/нормативной записи z01790
Начальный элемент ввода Углов
Часть имени, кроме начального элемента ввода Г. Ф.
Расширение инициалов личного имени Григорий Фёдорович
Код отношения Композитор
Графика поля Кириллица
702 #1 - ИМЯ ЛИЦА - ВТОРИЧНАЯ ОТВЕТСТВЕННОСТЬ
Начальный элемент ввода Байрон
Часть имени, кроме начального элемента ввода Д. Г.
Даты 1788-1824
Расширение инициалов личного имени Джордж Гордон
Идентификатор авторитетной/нормативной записи RU\NLR\AUTH\778298
Код отношения Лирик
790 #1 - ИМЯ ЛИЦА - АЛЬТЕРНАТИВНАЯ ФОРМА
Системный номер авторитетной/нормативной записи z01700
Начальный элемент ввода Uglov
Часть имени, кроме начального элемента ввода G.
Расширение инициалов личного имени Grigorij
Код отношения Композитор
Графика поля Латинская
790 #1 - ИМЯ ЛИЦА - АЛЬТЕРНАТИВНАЯ ФОРМА
Начальный элемент ввода Byron
Часть имени, кроме начального элемента ввода G. G. B.
Даты 1788-1824
Расширение инициалов личного имени George Gordon Byron
Идентификатор авторитетной/нормативной записи RU\NLR\AUTH\770214134
Код отношения Лирик
801 #0 - ИСТОЧНИК ЗАПИСИ
Страна российская федерация
Организация NLR
Дата составления 20200302
Правила каталогизации PSBO
801 #1 - ИСТОЧНИК ЗАПИСИ
Страна российская федерация
Организация NLR
Дата составления 20200302
Источник данных rusmarc
801 #2 - ИСТОЧНИК ЗАПИСИ
Страна российская федерация
Организация NLR
Дата составления 20230516
852 ## - МЕСТОНАХОЖДЕНИЕ И ШИФР ХРАНЕНИЯ
Идентификатор организации NLR
Шифр хранения (Call Number) М К-3/30343а
Идентификатор единицы МОЭ 2019-НО-П-47/650а
Номер экземпляра 2
852 ## - МЕСТОНАХОЖДЕНИЕ И ШИФР ХРАНЕНИЯ
Идентификатор организации NLR
Шифр хранения (Call Number) М К-3/30343
Идентификатор единицы МОЭ 2019-НО-П-47/650
Номер экземпляра 1
942 ## - ДОПОЛНИТЕЛЬНЫЕ ЭЛЕМЕНТЫ ЗАПИСИ (АБИС)
Тип экземпляра АБИС Ноты
980 ## - КОЛЛЕКЦИЯ
Название коллекции Национальная библиография
980 ## - КОЛЛЕКЦИЯ
Название коллекции Отдел нот и звукозаписей
Экземпляры
Тип экземпляра Дата поступления Библиотека постоянного хранения Библиотека текущего хранения Место хранения Шифр хранения Статус не для выдачи
Ноты 02.03.2020 РНБ (Московский) РНБ (Московский) Фонд нот и звукозаписей К-3/30343 К-3/30343  
Ноты 02.03.2020 РНБ (Московский) РНБ (Московский) Фонд нот и звукозаписей К-3/30343а К-3/30343а